[Event "Superettan(Farsta-Rockaden,Umea)"]
[Site "?"]
[Date "2008.01.13"]
[Round "5"]
[White "Lagerborg, Krister"]
[Black "Mardell, Jimmy"]
[Result "0-1"]
[WhiteElo "2070"]
[BlackElo "2141"]
[PlyCount "90"]

1. e4 e6 2. f4 d5 3. e5 c5 4. Nf3 Nc6 5. g3 Be7 6. Bg2 Nh6 7. d3 Nf5 8. O-O h5
9. c3 h4 10. g4 h3 11. gxf5 hxg2 12. Rf2 exf5 13. Rxg2 g6 14. Nbd2 Kf8 15. d4
cxd4 16. cxd4 b6 17. Nf1 Qd7 18. Be3 Ba6 19. Ng3 Rc8 20. Rc1 Nd8 21. Rgc2 Rxc2
22. Rxc2 Ne6 23. Ne2 Kg7 24. Nc3 Rc8 25. a3 Bc4 26. Rg2 b5 27. Nd2 b4 28. axb4
Bxb4 29. Nxc4 Rxc4 30. Qd3 Bxc3 31. bxc3 Qa4 32. Rc2 Qb3 33. h4 a5 34. h5 a4
35. hxg6 fxg6 36. Kh2 a3 37. Rg2 Kf7 38. Bd2 Qd1 39. Qg3 Qh5+ 40. Kg1 a2 41.
Qe1 Ra4 42. Qa1 Qf3 43. Be1 Nxf4 44. Rxa2 Qg2+ 45. Rxg2 Rxa1 0-1

[Event "Superettan(Manhem II-Orgryte)"]
[Site "?"]
[Date "2008.02.02"]
[Round "6"]
[White "Ziegler, Ari"]
[Black "Andersson, Goran"]
[Result "1/2-1/2"]
[WhiteElo "2419"]
[BlackElo "2190"]
[PlyCount "110"]
[SourceDate "2008.02.08"]

1. d4 Nf6 2. Nf3 g6 3. e3 Bg7 4. Be2 O-O 5. O-O d5 6. c4 dxc4 7. Bxc4 c5 8. Nc3
cxd4 9. Nxd4 a6 10. Qe2 b5 11. Bb3 Bb7 12. Rd1 Qc7 13. Bd2 Nc6 14. Nxc6 Bxc6
15. Rac1 Qb7 16. f3 a5 17. a3 Rfc8 18. Be1 e6 19. Bg3 b4 20. axb4 axb4 21. Na2
Bd5 22. Rxc8+ Rxc8 23. Qd3 Bf8 24. Bxd5 Nxd5 25. e4 Qa7+ 26. Bf2 Qxa2 27. exd5
Qxd5 28. Qxd5 exd5 29. Bd4 Bg7 30. Bxg7 Kxg7 31. Rxd5 Rc1+ 32. Kf2 Rc2+ 33. Kg3
Rxb2 34. Rb5 h5 35. h4 b3 36. Rb6 Rb1 37. Kf4 Kf8 38. Rb7 Kg7 39. Rb6 f6 40.
Kg3 b2 41. Rb7+ Kf8 42. Kh2 Ke8 43. Rb3 Kd7 44. Rb8 Ke6 45. Rb6+ Ke5 46. Rb8
Kf4 47. Rb6 Ke3 48. Rb8 g5 49. hxg5 fxg5 50. Rb7 h4 51. Rb8 Kf2 52. Rb7 h3 53.
gxh3 Kxf3 54. Rf7+ Ke4 55. Rb7 Kf5 1/2-1/2

[Event "Superettan(Manhem II-Orgryte)"]
[Site "?"]
[Date "2008.02.02"]
[Round "6"]
[White "Bergre, Joachim"]
[Black "Frisk Kockum, Anton"]
[Result "1/2-1/2"]
[WhiteElo "2128"]
[BlackElo "2337"]
[PlyCount "93"]

1. e4 e6 2. d4 d5 3. e5 c5 4. c3 Nc6 5. Nf3 Bd7 6. a3 c4 7. Nbd2 Na5 8. Be2 Ne7
9. O-O Nf5 10. Rb1 Be7 11. Re1 Rc8 12. g4 Nh4 13. Nxh4 Bxh4 14. Nf3 Be7 15. Bf4
Nb3 16. Nd2 Ba4 17. Nxb3 Bxb3 18. Qd2 a5 19. Bg3 b5 20. f4 Kd7 21. Kg2 Rb8 22.
Rf1 b4 23. axb4 axb4 24. f5 Rf8 25. Ra1 Ra8 26. Qf4 Rxa1 27. Rxa1 Qb8 28. Qf2
Bc2 29. Bf3 Bd3 30. Bxd5 Qb6 31. Bf3 exf5 32. gxf5 Bxf5 33. Qd2 Rd8 34. Qd1 Ke8
35. Qa4+ Kf8 36. Qa6 Qxa6 37. Rxa6 g5 38. Kf2 bxc3 39. bxc3 Rb8 40. Ra8 Rxa8
41. Bxa8 h5 42. Ke2 Bd3+ 43. Kd2 h4 44. Bf2 f6 45. exf6 Bxf6 46. Bf3 Ke7 47.
Bg4 1/2-1/2

[Event "Superettan(Manhem II-Orgryte)"]
[Site "?"]
[Date "2008.02.02"]
[Round "6"]
[White "Ostberg, Peter"]
[Black "Eriksson, Mats"]
[Result "0-1"]
[WhiteElo "2236"]
[BlackElo "2197"]
[PlyCount "35"]

1. e4 e5 2. d4 exd4 3. Qxd4 Nc6 4. Qe3 Bb4+ 5. Nc3 Nf6 6. Bd2 O-O 7. O-O-O Re8
8. Qg3 Nxe4 9. Nxe4 Rxe4 10. Bg5 Be7 11. h4 d5 12. f3 Re6 13. Bc4 Rd6 14. Bb3
Na5 15. Bf4 Nxb3+ 16. axb3 Rg6 17. Qh2 Bd6 18. Ne2 0-1

[Event "Superettan(Manhem II-Orgryte)"]
[Site "?"]
[Date "2008.02.02"]
[Round "6"]
[White "von Bromssen, Goran"]
[Black "Arnelind, Mikael"]
[Result "1/2-1/2"]
[WhiteElo "2086"]
[BlackElo "2155"]
[PlyCount "43"]

1. d4 e6 2. Nf3 Nf6 3. g3 d5 4. Bg2 c5 5. O-O Nc6 6. c3 Be7 7. dxc5 Bxc5 8. b4
Be7 9. a4 Ne4 10. Bb2 O-O 11. Nbd2 Nd6 12. Qb3 Bf6 13. Rfd1 Qe7 14. Rac1 Rd8
15. c4 Bxb2 16. Qxb2 dxc4 17. b5 Na5 18. Qb4 b6 19. Ne5 Bb7 20. Ndxc4 Naxc4 21.
Bxb7 Qxb7 22. Nxc4 1/2-1/2

[Event "Superettan(Manhem II-Orgryte)"]
[Site "?"]
[Date "2008.02.02"]
[Round "6"]
[White "Eksmyr, Johan"]
[Black "Andersson, Kaj"]
[Result "1/2-1/2"]
[WhiteElo "2152"]
[BlackElo "2095"]
[PlyCount "103"]

1. d4 d5 2. Bg5 c6 3. Nc3 Bf5 4. f3 Qa5 5. Qd2 e6 6. e4 Bg6 7. Bd3 Nd7 8. Nge2
Be7 9. Bf4 dxe4 10. Nxe4 Qxd2+ 11. Kxd2 Ngf6 12. Nd6+ Bxd6 13. Bxd6 Bxd3 14.
Kxd3 O-O-O 15. Rad1 e5 16. Rhe1 Rhe8 17. Ng3 Nd5 18. c4 Nf4+ 19. Kc2 Nxg2 20.
Re2 Nb6 21. dxe5 Nxc4 22. Nf5 g6 23. Rxg2 gxf5 24. Rd3 Nxe5 25. Bxe5 Rxe5 26.
Rg7 Re2+ 27. Kd1 Rxb2 28. Rxd8+ Kxd8 29. Rxf7 a5 30. Rxh7 b5 31. a3 Rb3 32. Ke2
Rxa3 33. h4 Ke8 34. h5 Rc3 35. h6 Rc2+ 36. Ke3 Rh2 37. Kf4 Rh5 38. Ke5 Kf8 39.
Kf6 Kg8 40. Rg7+ Kf8 41. Kg6 Rh1 42. h7 a4 43. Rc7 a3 44. Rxc6 b4 45. Ra6 Ke7
46. Ra4 Ke6 47. Rxb4 a2 48. Rb6+ Ke5 49. Rb5+ Ke6 50. Rb6+ Ke5 51. Rb5+ Ke6 52.
Rb6+ 1/2-1/2

[Event "Superettan(Manhem II-Orgryte)"]
[Site "?"]
[Date "2008.02.02"]
[Round "6"]
[White "Lundstrom, Mattias"]
[Black "Ronneland, Daniel"]
[Result "1-0"]
[WhiteElo "2042"]
[BlackElo "2117"]
[PlyCount "97"]

1. e4 c5 2. Nf3 Nc6 3. d4 cxd4 4. Nxd4 Nf6 5. Nc3 e5 6. Ndb5 d6 7. Bg5 a6 8.
Na3 b5 9. Bxf6 gxf6 10. Nd5 Bg7 11. c4 f5 12. cxb5 Ne7 13. b6 O-O 14. Nc4 fxe4
15. Nxe7+ Qxe7 16. Qxd6 Qxd6 17. Nxd6 Rb8 18. Rc1 Be6 19. b7 Rfd8 20. Rc6 Bf8
21. Nxe4 Rxb7 22. Bxa6 Rxb2 23. O-O Rxa2 24. Bc4 Rc2 25. Bb5 Rxc6 26. Bxc6 Be7
27. h3 Kg7 28. Rb1 f5 29. Rb7 Kf8 30. Ng3 Rd1+ 31. Kh2 Rd2 32. Rb8+ Kf7 33.
Be8+ Kg7 34. f3 Bd6 35. Rb7+ Kh6 36. Bd7 Bxd7 37. Rxd7 Kg6 38. Ra7 e4 39. fxe4
f4 40. Nf5 f3+ 41. Nxd6 f2 42. Rf7 Rxd6 43. Rxf2 Rd4 44. Rf4 h5 45. Kg3 Ra4 46.
e5 Ra3+ 47. Kh4 Re3 48. Rf6+ Kg7 49. Rf5 1-0

[Event "Superettan(Manhem II-Orgryte)"]
[Site "?"]
[Date "2008.02.02"]
[Round "6"]
[White "Forsberg, Jan-Olof"]
[Black "Aira, Johannes"]
[Result "1-0"]
[WhiteElo "2125"]
[BlackElo "1980"]
[PlyCount "121"]

1. d4 Nf6 2. c4 g6 3. Nc3 d5 4. Nf3 Bg7 5. Qb3 c6 6. cxd5 Nxd5 7. e4 Nxc3 8.
bxc3 O-O 9. Be2 Qc7 10. O-O Bg4 11. h3 Bxf3 12. Bxf3 e5 13. Be3 Rd8 14. Rfd1
Nd7 15. Rab1 b6 16. Qa3 Bf8 17. Qb2 Rac8 18. Bg4 h5 19. Bxd7 Rxd7 20. Rd2 c5
21. d5 f5 22. f3 f4 23. Bf2 c4 24. Qb5 Bc5 25. Bxc5 Qxc5+ 26. Qxc5 Rxc5 27. Rb4
Kf7 28. Rdb2 Ke7 29. Kf2 Kd6 30. Ra4 h4 31. Rbb4 Rdc7 32. Ra6 Rb7 33. Ke2 g5
34. Kd2 Rc8 35. Rb5 Rc5 36. Rb4 Rc8 37. Raa4 Rbc7 38. Ra3 Rb7 39. Ra6 Rc5 40.
Kc2 Rc8 41. a4 Rcc7 42. a5 Kc5 43. Rb2 Rd7 44. Ra2 Rbc7 45. axb6 axb6 46. Rb2
Rb7 47. Rba2 Rbc7 48. Ra8 Rg7 49. Ra1 Rce7 50. Kb2 Rd7 51. Re8 Rge7 52. Raa8 b5
53. Rac8+ Rc7 54. Rxc7+ Rxc7 55. Rxe5 b4 56. d6+ Kxd6 57. Rd5+ Ke6 58. cxb4 c3+
59. Kc2 g4 60. hxg4 Rc4 61. b5 1-0

[Event "Superettan(Manhem II-Orgryte)"]
[Site "?"]
[Date "2008.02.02"]
[Round "6"]
[White "Hansson, Johan"]
[Black "Tibell, Ingemar"]
[Result "0-1"]
[WhiteElo "1865"]
[BlackElo "2033"]
[PlyCount "56"]

1. e4 c5 2. a3 g6 3. d4 cxd4 4. c3 d3 5. Bxd3 Bg7 6. f4 Nc6 7. Nf3 d5 8. O-O
dxe4 9. Bxe4 Qb6+ 10. Kh1 Nf6 11. Nbd2 Nxe4 12. Nxe4 O-O 13. Qe2 Bf5 14. Ng3
Bg4 15. h3 Be6 16. Ng5 Bb3 17. N3e4 f5 18. Be3 Qc7 19. Nc5 Bf7 20. Rad1 Rad8
21. Qb5 b6 22. Na6 Qc8 23. Nb4 Nxb4 24. Qxb4 e5 25. Rfe1 Rfe8 26. fxe5 Bxe5 27.
Bf4 Rxd1 28. Rxd1 a5 0-1

[Event "Superettan(Eksjo-Lundby)"]
[Site "?"]
[Date "2008.02.02"]
[Round "6"]
[White "Nuoristo, Peter"]
[Black "Vernersson, Per"]
[Result "1/2-1/2"]
[WhiteElo "2225"]
[BlackElo "2468"]
[PlyCount "49"]
[SourceDate "2008.02.08"]

1. d4 d5 2. c4 dxc4 3. e3 Nf6 4. Bxc4 e6 5. Nf3 c5 6. O-O a6 7. dxc5 Bxc5 8.
Qxd8+ Kxd8 9. a3 Ke7 10. b4 Bd6 11. Bb2 b6 12. Nbd2 Bb7 13. Be2 Nbd7 14. Nc4
Bc7 15. Rac1 Rac8 16. Nce5 Nxe5 17. Nxe5 Bb8 18. Rfd1 Nd5 19. Bf3 f6 20. Nc4 b5
21. Na5 Ba8 22. Bd4 Bd6 23. Nb3 Rxc1 24. Rxc1 Kd7 25. Nc5+ 1/2-1/2

[Event "Superettan(Eksjo-Lundby)"]
[Site "?"]
[Date "2008.02.02"]
[Round "6"]
[White "de Verdier, Michael"]
[Black "Sigurgeirsson, Brjann"]
[Result "0-1"]
[WhiteElo "2253"]
[BlackElo "2185"]
[PlyCount "96"]

1. d4 Nf6 2. Nf3 g6 3. c4 c5 4. Nc3 Bg7 5. g3 O-O 6. Bg2 d5 7. dxc5 dxc4 8. Qa4
Na6 9. O-O Nxc5 10. Qxc4 b6 11. Rd1 Qe8 12. Ne5 Ba6 13. Qh4 Rc8 14. Bh6 Bb7 15.
Bxg7 Kxg7 16. Bxb7 Nxb7 17. Qb4 Nd6 18. a4 Rc5 19. Nf3 Qc8 20. Nb5 a5 21. Nxd6
axb4 22. Nxc8 Rfxc8 23. Rd4 Rc4 24. Rad1 b3 25. R1d3 Rxd4 26. Nxd4 Rc4 27. e3
e5 28. Nxb3 Rxa4 29. Nd2 Ra1+ 30. Nf1 Rb1 31. Rd2 Ne4 32. Rc2 Nc5 33. Kg2 Nd3
34. Rc3 Ne1+ 35. Kg1 Rxb2 36. e4 b5 37. Ne3 b4 38. Rc7 Nd3 39. Nd5 Nxf2 40. Rb7
b3 41. Nc3 Nh3+ 42. Kf1 Ng5 43. h4 Nf3 44. Na4 Ra2 45. Nc3 Rc2 46. Na4 Rc4 47.
Kf2 Nd4 48. Ra7 b2 0-1

[Event "Superettan(Eksjo-Lundby)"]
[Site "?"]
[Date "2008.02.02"]
[Round "6"]
[White "Zackrisson, Mattias"]
[Black "Rothen, Hakan"]
[Result "0-1"]
[WhiteElo "2103"]
[BlackElo "2325"]
[PlyCount "90"]

1. e4 e6 2. d3 b6 3. g3 Bb7 4. Bg2 g6 5. c3 Bg7 6. a4 Ne7 7. Ne2 a6 8. O-O d6
9. Nd2 Nd7 10. Rb1 h6 11. b4 O-O 12. a5 b5 13. d4 c5 14. dxc5 dxc5 15. Nb3 c4
16. Nbd4 e5 17. Nc2 Nf6 18. Qxd8 Raxd8 19. f3 Rd3 20. Be3 Rfd8 21. Bh3 Bc8 22.
Bxc8 Nxc8 23. h4 Nd6 24. Rbc1 Rd7 25. Bb6 h5 26. Be3 Nfxe4 27. fxe4 Nxe4 28.
Rfe1 f5 29. Kg2 Kf7 30. Kg1 Nxc3 31. Nxc3 Rxc3 32. Re2 Rdd3 33. Kg2 Ke6 34. Kf2
Kd5 35. Rd2 Bf8 36. Rxd3+ cxd3 37. Ne1 Rxc1 38. Bxc1 e4 39. Ng2 Bxb4 40. Ke3
Kc4 41. Bd2 Bxd2+ 42. Kxd2 Kd4 43. Nf4 e3+ 44. Ke1 b4 45. Ne6+ Kc3 0-1

[Event "Superettan(Eksjo-Lundby)"]
[Site "?"]
[Date "2008.02.02"]
[Round "6"]
[White "Krantz, Christopher"]
[Black "Lehtonen, Ture"]
[Result "1-0"]
[WhiteElo "2156"]
[BlackElo "2154"]
[PlyCount "57"]

1. e4 g6 2. d4 Bg7 3. Nc3 d6 4. Be3 a6 5. Qd2 b5 6. a4 b4 7. Nce2 a5 8. Ng3 Nd7
9. Nf3 Bb7 10. Bd3 c5 11. O-O cxd4 12. Nxd4 Rc8 13. Rfd1 h5 14. Nge2 Ngf6 15.
f3 Nc5 16. Nb3 Nfd7 17. Bd4 Nxb3 18. cxb3 Bxd4+ 19. Nxd4 O-O 20. Kh1 Qb6 21.
Bc4 Kg7 22. Qg5 e6 23. Bxe6 fxe6 24. Nxe6+ Kf7 25. Nxf8 Nxf8 26. Qf4+ Ke7 27.
Rd2 d5 28. exd5 Qd6 29. Re1+ 1-0

[Event "Superettan(Eksjo-Lundby)"]
[Site "?"]
[Date "2008.02.02"]
[Round "6"]
[White "Ingvason, Sigurgeir"]
[Black "Gustafsson, Fredrik"]
[Result "1-0"]
[WhiteElo "2029"]
[BlackElo "2173"]
[PlyCount "69"]

1. Nf3 Nf6 2. d4 g6 3. c4 Bg7 4. g3 O-O 5. Bg2 d5 6. O-O Nc6 7. Nc3 dxc4 8. d5
Na5 9. Bf4 c6 10. e4 cxd5 11. exd5 Bg4 12. Qd2 Bxf3 13. Bxf3 Ne8 14. Rfe1 Nd6
15. Rad1 Re8 16. h4 Qd7 17. Kg2 b5 18. h5 b4 19. hxg6 hxg6 20. Ne4 c3 21. Qd3
Rac8 22. bxc3 bxc3 23. Ng5 Nac4 24. Qf1 f6 25. Ne6 g5 26. Bc1 c2 27. Rd4 Rf8
28. Qh1 Ne5 29. Rxe5 fxe5 30. Nxg5 Rxf3 31. Qh7+ Kf8 32. Kxf3 Qf5+ 33. Rf4 exf4
34. Ne6+ Ke8 35. Nxg7+ 1-0

[Event "Superettan(Eksjo-Lundby)"]
[Site "?"]
[Date "2008.02.02"]
[Round "6"]
[White "Andersson, Johan"]
[Black "Przysuski, Feliks"]
[Result "1-0"]
[WhiteElo "2137"]
[BlackElo "2037"]
[PlyCount "55"]

1. e4 c5 2. Nf3 e6 3. Nc3 a6 4. d4 cxd4 5. Nxd4 Nc6 6. Nxc6 bxc6 7. Bd3 d5 8.
O-O Bb4 9. Qg4 Bf8 10. Re1 d4 11. Ne2 h5 12. Qf3 e5 13. c3 c5 14. Bc4 Qf6 15.
Qd3 g5 16. b4 Bb7 17. bxc5 Bxc5 18. cxd4 exd4 19. Rb1 Ra7 20. Bb2 Rh6 21. Bxd4
Bxd4 22. Nxd4 Qd8 23. Qe3 Qa8 24. Qxg5 Rg6 25. Qe5+ Ne7 26. Nf5 Bc8 27. Bd5 f6
28. Qxe7+ 1-0

[Event "Superettan(Eksjo-Lundby)"]
[Site "?"]
[Date "2008.02.02"]
[Round "6"]
[White "Nystrom, Jesper"]
[Black "Al-Saadi, Ali Ghazi"]
[Result "1-0"]
[WhiteElo "1867"]
[BlackElo "2128"]
[PlyCount "69"]
[EventDate "2008.??.??"]

1. e4 e5 2. Nc3 Nf6 3. Bc4 Nxe4 4. Nxe4 d5 5. Bb3 dxe4 6. Qe2 f5 7. f3 Qd4 8.
Bc4 Nc6 9. d3 exd3 10. Bxd3 Bb4+ 11. Kf1 Bc5 12. c3 Qd6 13. b4 Bb6 14. Bb2 O-O
15. Rd1 Qf6 16. Nh3 Be6 17. Bc1 e4 18. Bc4 Ne5 19. Bxe6+ Qxe6 20. Nf4 Qc4 21.
Qxc4+ Nxc4 22. Ke2 exf3+ 23. Kxf3 Ne5+ 24. Kg3 g5 25. Nd5 f4+ 26. Kh3 Bf2 27.
g4 Rf7 28. Rhf1 Bb6 29. Rfe1 Ng6 30. c4 Bf2 31. Re6 Raf8 32. Kg2 Bh4 33. Bb2
f3+ 34. Kf1 Nf4 35. Ne7+ 1-0

[Event "Superettan(Farsta-Rockaden II,Sthlm)"]
[Site "?"]
[Date "2008.02.02"]
[Round "6"]
[White "Lissang, Christopher"]
[Black "Backelin, Rickard"]
[Result "1-0"]
[WhiteElo "2289"]
[BlackElo "2404"]
[PlyCount "51"]
[SourceDate "2008.02.10"]

1. e4 c5 2. Nf3 Nc6 3. Bb5 g6 4. O-O Bg7 5. c3 Nf6 6. e5 Nd5 7. d4 cxd4 8. cxd4
O-O 9. Nc3 Nc7 10. Re1 Nxb5 11. Nxb5 a6 12. Nc3 d6 13. exd6 Qxd6 14. d5 Ne5 15.
Bf4 Nxf3+ 16. Qxf3 Qb4 17. Re2 Bd7 18. Rae1 Rfe8 19. Qg3 Rac8 20. Be5 Bh6 21.
Ne4 Qc4 22. Qf3 Bf5 23. Bc3 Bxe4 24. Rxe4 Qxa2 25. d6 Rcd8 26. Rxe7 1-0

[Event "Superettan(Farsta-Rockaden II,Sthlm)"]
[Site "?"]
[Date "2008.02.02"]
[Round "6"]
[White "Hjelm, Niclas"]
[Black "Einarsson, Bergsteinn"]
[Result "1/2-1/2"]
[WhiteElo "2367"]
[BlackElo "2276"]
[PlyCount "59"]
[EventDate "2008.??.??"]

1. e4 c5 2. Nf3 d6 3. d4 cxd4 4. Nxd4 Nf6 5. Nc3 a6 6. Be3 e5 7. Nf3 Qc7 8. a4
b6 9. Nd5 Nxd5 10. Qxd5 Bb7 11. Qc4 Qxc4 12. Bxc4 Be7 13. Nd2 Nd7 14. O-O f5
15. f3 fxe4 16. fxe4 Nf6 17. Bxb6 Nxe4 18. Bf7+ Kd7 19. Nc4 Ng5 20. Bh5 Bd5 21.
Be2 Rhc8 22. b3 Ne4 23. Be3 Bxc4 24. bxc4 Nf6 25. Rab1 Rab8 26. Bg5 Ke8 27.
Bxf6 Bxf6 28. Bd3 h6 29. Kf2 Ke7 30. Ke3 1/2-1/2

[Event "Superettan(Farsta-Rockaden II,Sthlm)"]
[Site "?"]
[Date "2008.02.02"]
[Round "6"]
[White "Olofsson, Dan"]
[Black "Jaderberg, Bjorn"]
[Result "1/2-1/2"]
[WhiteElo "2235"]
[BlackElo "2242"]
[PlyCount "111"]

1. e4 d5 2. exd5 Qxd5 3. Nc3 Qa5 4. d4 Nf6 5. Nf3 Bg4 6. Be2 Nbd7 7. O-O e6 8.
Bf4 c6 9. a3 Be7 10. h3 Bh5 11. Qd2 O-O 12. Rfd1 Qd8 13. Bh2 h6 14. Ne5 Bxe2
15. Qxe2 Nb6 16. Ne4 Nxe4 17. Qxe4 Qd5 18. Qe2 Bf6 19. c4 Qd8 20. Ng4 Be7 21.
Be5 h5 22. Ne3 g6 23. Rd3 Bf6 24. Bh2 Bg7 25. Rad1 Re8 26. Rb3 Qd7 27. c5 Nd5
28. Nc4 Red8 29. Qc2 Qe7 30. Na5 Rd7 31. Bd6 Qh4 32. Nxb7 Bxd4 33. Bg3 Qf6 34.
Nd6 e5 35. Rbd3 a5 36. Qa4 Ra6 37. b4 h4 38. Rf3 Qd8 39. b5 cxb5 40. Qxb5 hxg3
41. Qxa6 gxf2+ 42. Kh2 Ne3 43. Nxf7 Rxf7 44. Qxg6+ Rg7 45. Qe6+ Kh7 46. Rf6
Rxg2+ 47. Kh1 Rg1+ 48. Kh2 Qxf6 49. Qxf6 Rxd1 50. Qf7+ Kh6 51. Qf6+ Kh5 52.
Qf3+ Kg6 53. Qg3+ Kh6 54. Qh4+ Kg6 55. Qg3+ Kh6 56. Qh4+ 1/2-1/2

[Event "Superettan(Farsta-Rockaden II,Sthlm)"]
[Site "?"]
[Date "2008.02.02"]
[Round "6"]
[White "Lindeman, Sven"]
[Black "Sandbom, Jonas"]
[Result "0-1"]
[WhiteElo "2208"]
[BlackElo "2194"]
[PlyCount "120"]

1. e4 c5 2. Nf3 e6 3. d3 Nc6 4. g3 g6 5. d4 cxd4 6. Nxd4 a6 7. Nxc6 dxc6 8.
Qxd8+ Kxd8 9. e5 f5 10. exf6 Nxf6 11. Bg5 Be7 12. Bg2 Nd5 13. h4 h6 14. Bd2 Bf6
15. c3 Ke7 16. Na3 Bd7 17. O-O-O b5 18. c4 Nb6 19. Bb4+ Ke8 20. Be4 Rg8 21.
Rhe1 Rc8 22. h5 gxh5 23. Bf3 Rg5 24. Bd2 Rf5 25. Be4 Rxf2 26. Bg6+ Ke7 27. cxb5
cxb5+ 28. Kb1 Nd5 29. Nc2 Rg8 30. Be4 Kf7 31. Rh1 Bg5 32. Be1 Rxc2 33. Bxc2 Rc8
34. Bd2 Nf6 35. Bc3 Bc6 36. Rhf1 Bd5 37. Rf2 Ke7 38. Rdf1 Ne4 39. Bb4+ Kd7 40.
Rf7+ Kc6 41. Be1 Kb6 42. b3 Nd2+ 43. Bxd2 Bxd2 44. R1f2 Bg5 45. Rh2 Rc3 46.
Rxh5 Rxg3 47. Rh2 Rg1+ 48. Kb2 e5 49. Rxh6+ Bxh6 50. Rf6+ Kc5 51. Rxh6 Rg2 52.
Rh4 e4 53. Kc1 e3 54. b4+ Kd6 55. Bb3 Rg1+ 56. Kc2 e2 57. Rh6+ Ke5 58. Rh5+ Kf4
59. Rxd5 e1=Q 60. Rd4+ Ke3 0-1

[Event "Superettan(Farsta-Rockaden II,Sthlm)"]
[Site "?"]
[Date "2008.02.02"]
[Round "6"]
[White "Krzymowski, Alfred"]
[Black "Hedin, Gunnar"]
[Result "1-0"]
[WhiteElo "2182"]
[BlackElo "2200"]
[PlyCount "105"]

1. e4 e6 2. d4 d5 3. Nd2 c5 4. exd5 exd5 5. Ngf3 Nc6 6. Bb5 Bd6 7. dxc5 Bxc5 8.
O-O Nge7 9. Nb3 Bd6 10. h3 O-O 11. c3 Bf5 12. Bd3 Bxd3 13. Qxd3 h6 14. Be3 Rc8
15. Rad1 Bb8 16. Nbd4 Nxd4 17. Bxd4 Qa5 18. a3 Ng6 19. Be3 Rfd8 20. Qf5 Rc6 21.
Rd4 Rf6 22. Qg4 Qc7 23. Rfd1 Ne5 24. Nxe5 Qxe5 25. g3 Qe6 26. c4 Be5 27. Rxd5
Rxd5 28. cxd5 Qd6 29. Qc8+ Kh7 30. Qc2+ Rg6 31. Bc5 Qd7 32. Qc4 Bxb2 33. h4 f5
34. Qc2 Be5 35. Bxa7 Bd6 36. Rd3 Rg4 37. Rf3 g6 38. h5 f4 39. hxg6+ Rxg6 40.
Bc5 Bxc5 41. Qxc5 Qf5 42. Rxf4 Qd7 43. Qf8 Rg7 44. d6 Qe6 45. Kh2 Qd5 46. Qf6
Qh5+ 47. Rh4 Qg6 48. Qxg6+ Rxg6 49. Rd4 Rg8 50. d7 Rd8 51. f4 Kg6 52. g4 Kf6
53. Kg3 1-0

[Event "Superettan(Farsta-Rockaden II,Sthlm)"]
[Site "?"]
[Date "2008.02.02"]
[Round "6"]
[White "Wieweg, Johnny"]
[Black "Todorovic, Zoran"]
[Result "1-0"]
[WhiteElo "2121"]
[BlackElo "2181"]
[PlyCount "143"]

1. e4 c5 2. Nf3 d6 3. Bb5+ Nc6 4. O-O Bd7 5. Re1 e5 6. c3 Be7 7. d4 Qc7 8. Be3
Nf6 9. Nbd2 O-O 10. d5 Nb8 11. Bd3 Ng4 12. Nf1 f5 13. exf5 Bxf5 14. Bxf5 Rxf5
15. Ng3 Nxe3 16. fxe3 Rf7 17. Ne4 h6 18. Nxe5 dxe5 19. d6 Qc6 20. dxe7 Rxe7 21.
Qd8+ Re8 22. Qh4 Nd7 23. Rad1 Nf8 24. Rd6 Qc7 25. Red1 b6 26. c4 Re6 27. Rxe6
Nxe6 28. Qg4 Nf8 29. Nf6+ Kh8 30. Nd5 Qc6 31. Rf1 Qb7 32. Qh5 Qd7 33. Qxe5 Re8
34. Qh5 Qe6 35. h3 Nh7 36. Qf5 Qd6 37. Qf4 Qd8 38. Qf5 Ng5 39. h4 Ne4 40. Rf4
Nd6 41. Qg6 Rf8 42. Rxf8+ Qxf8 43. Qe6 Nf5 44. h5 Nh4 45. Nf4 Qd8 46. Qg4 Kh7
47. g3 Qd2 48. gxh4 Qxe3+ 49. Kg2 Qe4+ 50. Qf3 Qe1 51. Qd3+ Kg8 52. Qd5+ Kh8
53. Ng6+ Kh7 54. Qd3 Qe8 55. Ne5+ Kg8 56. Qf5 Kh8 57. a3 a5 58. Kg3 Kg8 59. Kg4
Qa4 60. Qe6+ Kh7 61. Qg6+ Kg8 62. Qxb6 Qd1+ 63. Nf3 Qc2 64. Qxc5 Qxb2 65. Qxa5
Qg2+ 66. Kf4 Qc2 67. Qd5+ Kh8 68. c5 Qc1+ 69. Kg3 Qxa3 70. c6 Qc3 71. Qd8+ Kh7
72. c7 1-0

[Event "Superettan(Farsta-Rockaden II,Sthlm)"]
[Site "?"]
[Date "2008.02.02"]
[Round "6"]
[White "Eriksson, Dan"]
[Black "Lagerborg, Krister"]
[Result "1-0"]
[WhiteElo "2133"]
[BlackElo "2070"]
[PlyCount "141"]

1. e4 c5 2. c3 d6 3. d4 cxd4 4. cxd4 g6 5. Nf3 Bg7 6. Nc3 a6 7. Bc4 b5 8. Bb3
e6 9. O-O Ne7 10. Bg5 h6 11. Bf4 O-O 12. e5 dxe5 13. Bxe5 Bb7 14. Qe2 Nd7 15.
Bxg7 Kxg7 16. Rad1 Nf6 17. Rfe1 Qd6 18. Ne5 Rad8 19. Bc2 b4 20. Na4 Nd7 21. Nc5
Nxc5 22. dxc5 Qxc5 23. Rxd8 Rxd8 24. Nxf7 Rf8 25. Qe5+ Qxe5 26. Nxe5 Bd5 27.
Nd3 a5 28. a3 bxa3 29. bxa3 Rc8 30. Rc1 Rc3 31. a4 Be4 32. Ne1 Nf5 33. f3 Bc6
34. Rb1 Nd4 35. Bd1 Ra3 36. Nc2 Rxa4 37. Nxd4 Rxd4 38. Kf2 Rd2+ 39. Kg3 a4 40.
Ra1 Rd4 41. Bc2 Kf6 42. Ra3 Rb4 43. Re3 Bd5 44. Ra3 Bb3 45. Be4 Rd4 46. h4 g5
47. hxg5+ hxg5 48. Ra1 Rd1 49. Ra3 Ke5 50. Bc6 Rd4 51. Be4 Kd6 52. Ra1 Rd1 53.
Rxd1+ Bxd1 54. Kg4 a3 55. Bb1 Bb3 56. Kxg5 a2 57. Bxa2 Bxa2 58. f4 Bb1 59. g4
Ke7 60. Kh4 Bd3 61. Kg5 Kf7 62. Kh4 Kf6 63. Kh5 Be2 64. Kh4 Bf3 65. Kg3 Bd1 66.
Kh4 Ke7 67. Kg5 Kd6 68. f5 e5 69. f6 Bc2 70. Kh6 Ke6 71. Kg7 1-0

[Event "Superettan(Farsta-Rockaden II,Sthlm)"]
[Site "?"]
[Date "2008.02.02"]
[Round "6"]
[White "Salomonsson, Lars"]
[Black "Berggren, Jonathan"]
[Result "0-1"]
[WhiteElo "1901"]
[BlackElo "2112"]
[PlyCount "114"]

1. e4 c5 2. Nf3 e6 3. d4 cxd4 4. Nxd4 a6 5. Be2 Nf6 6. Nd2 Qc7 7. O-O Bc5 8. c3
Nc6 9. Nxc6 bxc6 10. Qc2 d5 11. exd5 cxd5 12. Qa4+ Bd7 13. Qh4 h6 14. Nb3 Be7
15. Be3 Ne4 16. Qh3 h5 17. g4 g6 18. f3 Ng5 19. Qg3 Qxg3+ 20. hxg3 hxg4 21.
fxg4 Ne4 22. Kg2 Bd6 23. Bf4 g5 24. Bxd6 Nxd6 25. Nc5 Bb5 26. Rh1 Rxh1 27. Rxh1
Ke7 28. Bf3 Bc6 29. b3 Rc8 30. Re1 Kf6 31. b4 e5 32. a4 a5 33. Rd1 axb4 34.
cxb4 e4 35. Be2 Ke5 36. Ba6 Rc7 37. Kf2 d4 38. Ke2 Ra7 39. b5 Bd5 40. b6 Rxa6
41. Nd7+ Ke6 42. Nc5+ Ke7 43. Rxd4 Bb7 44. Rxd6 Kxd6 45. Nxb7+ Kc6 46. Nd8+
Kxb6 47. Nxf7 Kc5 48. Nxg5 Kd5 49. Nh3 Rxa4 50. Nf4+ Kd4 51. Ne6+ Ke5 52. Nf4
Ra2+ 53. Ke3 Ra3+ 54. Kf2 Kf6 55. Nh3 Kg6 56. Ke2 Kf6 57. Nf4 Kg5 0-1

[Event "Superettan(Farsta-Upsala II)"]
[Site "?"]
[Date "2008.02.03"]
[Round "6"]
[White "Svensson, Mans"]
[Black "Hjelm, Niclas"]
[Result "0-1"]
[WhiteElo "2245"]
[BlackElo "2367"]
[PlyCount "70"]

1. d4 Nf6 2. Bg5 d5 3. e3 c6 4. Bd3 Qb6 5. Qc1 g6 6. Nd2 Bg7 7. Ngf3 O-O 8. O-O
c5 9. c3 Nc6 10. h3 e5 11. dxe5 Nd7 12. e6 fxe6 13. e4 Nde5 14. Nxe5 Nxe5 15.
Be2 Bd7 16. b4 cxb4 17. Be3 Qd6 18. cxb4 d4 19. Bg5 Rac8 20. Qa3 Nf7 21. Bh4
Qf4 22. Nf3 Rc3 23. Qxa7 Rxf3 24. Bxf3 Qxh4 25. e5 Nxe5 26. Bxb7 Bb5 27. Qb6
Bxf1 28. Qxe6+ Kh8 29. Rxf1 d3 30. Qd6 Qf4 31. Qc5 d2 32. b5 Nd3 33. Qc2 Nxf2
34. Bf3 d1=Q 35. Bxd1 Nxh3+ 0-1

[Event "Superettan(Farsta-Upsala II)"]
[Site "?"]
[Date "2008.02.03"]
[Round "6"]
[White "Backelin, Rickard"]
[Black "Cederberg, Karl Olof"]
[Result "1-0"]
[WhiteElo "2404"]
[BlackElo "2220"]
[PlyCount "145"]

1. e4 e5 2. Nf3 d6 3. d4 Nf6 4. Nc3 Nbd7 5. Bc4 Be7 6. O-O O-O 7. Re1 c6 8. a4
a5 9. h3 Qe8 10. Ba2 Bd8 11. Bg5 Bc7 12. Nh4 exd4 13. Qxd4 Qe5 14. Qd2 h6 15.
Bf4 Qh5 16. Nf5 Ne5 17. Ne7+ Kh7 18. Nxc8 Raxc8 19. Qe3 Ng6 20. Bg3 Qg5 21.
Rad1 Rcd8 22. f4 Qc5 23. Bf2 Qxe3 24. Bxe3 Rd7 25. g3 Re8 26. Bd4 Rde7 27. Kf1
h5 28. Bxf6 gxf6 29. h4 Nf8 30. Bc4 Nd7 31. Be2 Kh6 32. Bf3 Nc5 33. Re2 Rg8 34.
Rg2 Rd7 35. b3 Bb6 36. Ne2 Re8 37. Nd4 Nxe4 38. Nf5+ Kg6 39. Bxe4 Rxe4 40. Rxd6
Rxd6 41. Nxd6 Rd4 42. Nc4 Bd8 43. Rd2 Rxd2 44. Nxd2 Kf5 45. Kg2 Ke6 46. Kf3 Kd5
47. f5 b5 48. c4+ Kc5 49. axb5 cxb5 50. cxb5 Kxb5 51. g4 hxg4+ 52. Kxg4 Be7 53.
Kf3 Kb4 54. h5 Bf8 55. Ke4 Kc3 56. Nc4 a4 57. bxa4 Kxc4 58. a5 Kc5 59. a6 Kb6
60. Kd5 Kxa6 61. Kc6 Ka5 62. Kd7 Bh6 63. Ke7 Bg5 64. Kxf7 Kb6 65. Kg6 Kc7 66.
h6 Bxh6 67. Kxh6 Kd7 68. Kg6 Ke7 69. Kg7 Ke8 70. Kxf6 Kf8 71. Ke6 Ke8 72. f6
Kf8 73. f7 1-0